| 000 | 01397nam a2200397 a 4500 | ||
|---|---|---|---|
| 008 | 061206s2006||||xo io g a 000 0 slo d | ||
| 020 |
_a8089258018 _q(viaz.) |
||
| 040 |
_aMIZKGZ _bslo _cMIZKGZ _dSNK _eAACR2 |
||
| 041 | 0 |
_aslo _beng |
|
| 043 | _ae-xo--- | ||
| 044 | _cSK | ||
| 072 | 7 |
_a94(437) _xDejiny Česka a Slovenska _2konspekt |
|
| 080 |
_a94(437.6) _22001 |
||
| 080 |
_a908(437.6) _22001 |
||
| 080 |
_a(048.8) _22001 |
||
| 245 | 1 | 0 |
_aPavlovce nad Uhom (1327 - 2006) _bprechádzka históriou a súčasnosťou _c[autorský kolektív: Miroslav Buraľ ... [et al.] ; zostavovatelia: Lýdia Gačková, Martin Molnár] |
| 250 | _a[1. vyd.] | ||
| 260 |
_a[Michalovce] _bExcel enterprise _c2006 |
||
| 300 |
_a304 s. _berby, fotogr. _c26 cm |
||
| 500 | _aVydané pre obec Pavlovce nad Uhom | ||
| 500 | _aObsahuje poznámky | ||
| 504 | _aBibliografia s. 251-252 | ||
| 651 | 7 |
_aPavlovce nad Uhom (Slovensko) _xdejiny _2SNKPH |
|
| 651 | 7 |
_aPavlovce nad Uhom (Slovensko) _xvlastiveda _2SNKPH |
|
| 700 | 1 |
_aGačková, Lýdia _4aut _4com |
|
| 700 | 1 |
_aMolnár, Martin _4aut _4com |
|
| 700 | 1 |
_aBuraľ, Miroslav _4aut |
|
| 700 | 1 |
_aHriň, Pavol _4aut |
|
| 700 | 1 |
_aKarpinský, Peter _4aut |
|
| 700 | 1 |
_aKočan, Jozef _4aut |
|
| 700 | 1 |
_aKónya, Peter, _d1966- _4aut |
|
| 700 | 1 |
_aLinková, Jana _4aut |
|
| 700 | 1 |
_aMišíková, Alena _4aut |
|
| 700 | 1 |
_aStarják, Matej _4aut |
|
| 044 |
_axo _cSK |
||
| 999 |
_c19878 _d19878 |
||